Villains in Alphabetical Order - Statistics

General Stats
  • This quiz has been taken 21 times
  • The average score is 12 of 26
Answer Stats
Picture Answer % Correct
Darth Vader
93%
Terminator
93%
Norman Bates
79%
Riddler
79%
Sauron
71%
Ultron
57%
Auric Goldfinger
50%
Hans Gruber
50%
Jack Torrance
50%
Oddjob
50%
Quirinus Quirrell
50%
Yzma
50%
Zurg
50%
Beast Man
43%
Fat Bastard
36%
Gozer
36%
Keyser Söze
36%
Inque
29%
Professor Pericles
29%
Van Pelt
29%
Chip Douglas
21%
Evelyn Togar
21%
Lyutsifer Safin
21%
Mr. Boddy
21%
Walter Donovan
21%
Xenia Onatopp
21%
No matching quizzes found
Score Distribution
Percent of People with Each Score
Percentile by Number Answered
Your Score History
You have not taken this quiz